Côte d'Ivoire 2026 FIFA World Cup Squad - Statistics

General Stats
  • This quiz has been taken 45 times
    22 since last reset
  • The average score is 11 of 27
Answer Stats
# Position Player % Correct
MF © Franck Kessié
94%
FW Amad Diallo
78%
DF Ousmane Diomande
78%
FW Yan Diomande
78%
MF Seko Fofana
67%
1 GK Yahia Fofana
67%
FW Bazoumana Touré
56%
DF Evan Ndicka
50%
MF Ibrahim Sangaré
50%
FW Nicolas Pépé
50%
DF Odilon Kossounou
50%
DF Wilfried Singo
44%
FW Ange-Yoan Bonny
39%
GK Mohamed Koné
39%
FW Simon Adingra
28%
GK Alban Lafont
22%
Manager Emerse Faé
22%
FW Evann Guessand
22%
DF Guéla Doué
22%
MF Jean Michaël Seri
22%
MF Christ Inao Oulaï
17%
DF Clément Akpa
17%
DF Emmanuel Agbadou
17%
DF Ghislain Konan
17%
FW Oumar Diakité
17%
FW Elye Wahi
11%
MF Parfait Guiagon
11%
No matching quizzes found
Score Distribution
Percent of People with Each Score
Percentile by Number Answered
Your Score History
You have not taken this quiz since the last reset